Normal view
MARC view
- Stern, Sylan P
Entry Personal Name
001 - CONTROL NUMBER
- control field: 7627
003 - CONTROL NUMBER IDENTIFIER
- control field: OSt
005 - DATE AND TIME OF LATEST TRANSACTION
- control field: 20250707151953.0
008 - FIXED-LENGTH DATA ELEMENTS
- fixed length control field: 250707|| aca||aabn | a|a d
040 ## - CATALOGING SOURCE
- Original cataloging agency: OSt
- Transcribing agency: OSt
100 ## - HEADING--PERSONAL NAME
- Personal name: Stern, Sylan P
670 ## - SOURCE DATA FOUND
- Source citation: Work cat.: (OSt)2875: Stern, Sylan P ., Elements of runforced concrete / , 1959.
